LEADER 01987oam 2200541 450 001 9910715388903321 005 20210211095327.0 035 $a(CKB)5470000002510142 035 $a(OCoLC)679966266$z(OCoLC)622308755$z(OCoLC)667913464$z(OCoLC)974646599 035 $a(OCoLC)995470000002510142 035 $a(EXLCZ)995470000002510142 100 $a20101108d1989 ua 0 101 0 $aeng 135 $aurbn||||||||| 181 $ctxt$2rdacontent 182 $cc$2rdamedia 183 $acr$2rdacarrier 200 10$aAppraisal of ground-water quality in the Bunker Hill Basin of San Bernardino Valley, California /$fby Lowell F.W. Duell, Jr. and Roy A. Schroeder ; prepared in cooperation with the San Bernardino Valley Municipal Water District 210 1$aSacramento, California :$cU.S. Geological Survey,$d1989. 215 $a1 online resource (v, 69 pages) $cillustrations, maps 225 1 $aWater-resources investigations report ;$v88-4203 320 $aIncludes bibliographical references (pages 56-57). 606 $aGroundwater$xQuality$zCalifornia$zBunker Hill Basin 606 $aWater quality$zCalifornia$zBunker Hill Basin 606 $aGroundwater$xQuality$2fast 606 $aWater quality$2fast 607 $aCalifornia$zBunker Hill Basin$2fast 615 0$aGroundwater$xQuality 615 0$aWater quality 615 7$aGroundwater$xQuality. 615 7$aWater quality. 700 $aDuell$b Lowell F. W.$01387583 702 $aSchroeder$b Roy A. 712 02$aGeological Survey (U.S.), 712 02$aSan Bernardino Valley Municipal Water District (Calif.) 801 0$bOCLCE 801 1$bOCLCE 801 2$bOCLCQ 801 2$bOCLCF 801 2$bOCLCQ 801 2$bOCLCO 801 2$bOCLCQ 801 2$bCOP 801 2$bGPO 906 $aBOOK 912 $a9910715388903321 996 $aAppraisal of ground-water quality in the Bunker Hill Basin of San Bernardino Valley, California$93527569 997 $aUNINA